[Event "Belgrade Summer IM-B 1st"]
[Site "Belgrade"]
[Date "2018.06.29"]
[Round "7"]
[White "Uuriintuya, Uurtsaikh"]
[Black "Savicevic, Vlatko"]
[Result "1-0"]
[WhiteElo "2181"]
[BlackElo "2354"]
[PlyCount "113"]
[EventDate "2018.06.25"]
[EventType "tourn"]
[EventRounds "9"]
[EventCountry "SRB"]
[EventCategory "2"]
[SourceTitle "CBM 185 Extra"]
[Source "ChessBase"]
[SourceDate "2018.07.29"]
[SourceVersion "1"]
[SourceVersionDate "2018.07.29"]
[SourceQuality "1"]

1. e4 d6 2. d4 Nf6 3. Nc3 g6 4. Be3 c6 5. Qd2 b5 6. Bd3 Nbd7 7. Nf3 e5 8. dxe5 dxe5 9. h3 Bb7 10. a4 a6 11. 0-0 Bg7 12. Ne2 Qe7 13. Ng3 Nc5 14. Qb4 Nfd7 15. axb5 cxb5 16. Rfd1 Nxd3 17. Qxe7+ Kxe7 18. Rxd3 Rhc8 19. Rad1 Rc7 20. c3 Rac8 21. Ne1 Nb8 22. Nc2 Rd7 23. Nb4 Rxd3 24. Rxd3 Ke6 25. Nd5 Nd7 26. f3 a5 27. Rd1 Bf8 28. Ra1 a4 29. Rd1 f5 30. Bf2 Bd6 31. h4 Nc5 32. h5 Nb3 33. Nf6 f4 34. Ne2 gxh5 35. Nxh5 Bf8 36. g3 fxg3 37. Nhxg3 Na5 38. f4 Nc4 39. f5+ Ke7 40. Nh5 Bc6 41. Bc5+ Kf7 42. Bxf8 Rxf8 43. Kf2 Nxb2 44. Rd6 a3 45. Rxc6 a2 46. Rc7+ Kg8 47. Rg7+ Kh8 48. Rg1 b4 49. cxb4 Nd3+ 50. Ke3 Nxb4 51. Kd2 Rc8 52. Nc3 Rd8+ 53. Ke2 Rc8 54. f6 Rg8 55. f7 Rf8 56. Nf6 Rxf7 57. Rg8# 1-0

[Event "MGL-ch (Women) 50th"]
[Site "Tsetserleg"]
[Date "2018.05.26"]
[Round "10"]
[White "Uuriintuya, Uurtsaikh"]
[Black "Munkhzul, Turmunkh"]
[Result "1/2-1/2"]
[WhiteElo "2181"]
[BlackElo "2020"]
[PlyCount "106"]
[EventDate "2018.05.19"]
[EventType "tourn"]
[EventRounds "11"]
[EventCountry "MGL"]
[SourceTitle "EXT 2019"]
[Source "ChessBase"]
[SourceDate "2018.10.10"]
[SourceVersion "1"]
[SourceVersionDate "2018.10.10"]
[SourceQuality "1"]

1. e4 c5 2. Nf3 d6 3. d4 cxd4 4. Nxd4 Nf6 5. Nc3 a6 6. f4 e5 7. Nf3 Nbd7 8. a4 Be7 9. Bd3 0-0 10. 0-0 exf4 11. Kh1 Nc5 12. Bxf4 Bg4 13. Qd2 Bh5 14. Nd4 Bg6 15. Nf5 Bxf5 16. exf5 d5 17. Be5 Bd6 18. Bd4 Nfe4 19. Bxe4 Nxe4 20. Nxe4 dxe4 21. f6 Re8 22. Qg5 g6 23. a5 Bf8 24. c3 Qd7 25. b4 Qe6 26. Rae1 Rad8 27. Qh4 Rd5 28. Rf4 e3 29. Rf3 Rh5 30. Qxh5 gxh5 31. Rfxe3 Bd6 32. h4 h6 33. Rxe6 Rxe6 34. Rxe6 fxe6 35. Kg1 Kf7 36. Kf2 e5 37. Be3 Kxf6 38. Bxh6 Kf5 39. Ke3 Be7 40. Bg5 Bd6 41. Kd3 e4+ 42. Ke2 Bf8 43. Bd2 Ke5 44. c4 Kd4 45. c5 Kc4 46. Bf4 Bg7 47. Bd2 Bd4 48. Be1 Kd5 49. Bd2 Kc4 50. Be1 Kd5 51. Bd2 Kc4 52. Be1 Kd5 53. Bd2 Kc4 1/2-1/2

[Event "MGL-ch (Women) 50th"]
[Site "Tsetserleg"]
[Date "2018.05.22"]
[Round "6"]
[White "Uuriintuya, Uurtsaikh"]
[Black "Nomindalai, Tumurbaatar"]
[Result "1-0"]
[WhiteElo "2181"]
[BlackElo "1875"]
[PlyCount "95"]
[EventDate "2018.05.19"]
[EventType "tourn"]
[EventRounds "11"]
[EventCountry "MGL"]
[SourceTitle "EXT 2019"]
[Source "ChessBase"]
[SourceDate "2018.10.10"]
[SourceVersion "1"]
[SourceVersionDate "2018.10.10"]
[SourceQuality "1"]

1. e4 Nf6 2. e5 Nd5 3. d4 d6 4. Nf3 dxe5 5. Nxe5 c6 6. c4 Nb4 7. Be3 Bf5 8. Na3 Nd7 9. Nf3 e6 10. Be2 Be7 11. 0-0 0-0 12. Qb3 Qc7 13. Rfd1 a5 14. Bg5 Nf6 15. Ne5 a4 16. Qf3 Ne4 17. Bf4 Qd8 18. g4 Bh4 19. Bg3 Ng5 20. Qc3 f6 21. Qxb4 Nh3+ 22. Kg2 fxe5 23. Kxh3 Bxg3 24. Kxg3 Bxg4 25. Bxg4 Qg5 26. h4 Qf4+ 27. Kh3 h5 28. Bxh5 Rf5 29. Qd2 Qe4 30. Re1 Rf3+ 31. Bxf3 Qxf3+ 32. Kh2 Rf8 33. Qe3 Qh5 34. Qg3 Rf3 35. Rxe5 Qf7 36. Kg2 Rxg3+ 37. fxg3 Qc7 38. c5 b6 39. Nc4 b5 40. Nd6 Qa5 41. Rd1 Qb4 42. Re2 Kh7 43. Nf7 Qc4 44. Ng5+ Kh6 45. Rxe6+ g6 46. Re7 Qc2+ 47. Kh3 Qf5+ 48. g4 1-0